Sports Quiz

Random Sports Quiz
Score 0/30 Timer 15:00
0 Plays Today
Date of 20pt. Game Player % Correct
5-29-2010Steve Nash
100%
5-29-2010Amar'e Stoudemire
97.5%
5-16-2007Shawn Marion
93.7%
5-3-1996Charles Barkley
92.4%
5-3-1997Kevin Johnson
87.3%
5-30-2005Joe Johnson
87.3%
4-25-2008Leandro Barbosa
79.7%
5-19-2010Grant Hill
74.7%
5-14-2000Jason Kidd
74.7%
4-29-2008Boris Diaw
72.2%
5-19-2010Jason Richardson
70.9%
4-24-2005Quentin Richardson
70.9%
5-7-2010Goran Dragić
69.6%
4-28-1995'Thunder' Dan Majerle
67.1%
4-25-2003Stephon Marbury
63.3%
Date of 20pt. Game Player % Correct
5-22-2005Jim Jackson
60.8%
4-27-2008Raja Bell
55.7%
5-23-2010Robin Lopez
54.4%
4-26-2010Channing Frye
50.6%
6-1-2006Tim Thomas
44.3%
5-2-2001Clifford Robinson
43%
5-12-2000Anfernee 'Penny' Hardaway
40.5%
5-9-1995A.C. Green
40.5%
4-27-1998Antonio McDyess
35.4%
5-2-2000Rodney Rogers
27.8%
5-1-1997Rex Chapman
27.8%
5-3-1997Wesley Person
24.1%
6-18-1993Richard Dumas
24.1%
4-28-1995Wayman Tisdale
19%
4-25-1998George McCloud
13.9%
Remove Ads.
Support Sporcle.
Get the best of Sporcle when you Go Orange. This ad-free experience offers more features, more stats, and more fun while also helping to support Sporcle. Thank you for becoming a member.

You're not logged in!

Compare scores with friends on all Sporcle quizzes.
OR
Log In

Show Comments

Extras

Top Quizzes Today


Score Distribution

Your Account Isn't Verified!

In order to create a playlist on Sporcle, you need to verify the email address you used during registration. Go to your Sporcle Settings to finish the process.

Report this User

Report this user for behavior that violates our Community Guidelines.

Details: